000 00338nam a2200145Ia 4500
100 _aMilenkovic/ Milan
942 _cRB
654 _aOperating System & design
245 _aOperating Systems Concepts & design
260 _bMc Graw Hill
_aSingapore
_c1992
082 _a1.644
_bPAN
300 _a755
546 _aENGLISH
999 _c20798
_d20798